000 00749nam a2200241Ia 4500
003 OSt
005 20220927105705.0
006 a|||||r|||| 00| 0
007 ta
008 220926b |||||||| |||| 00| 0 eng d
024 _a203811
037 _cReference Collections
040 _aRTL
_cRTL
_beng
041 _2eng
_aeng
082 _a"Y:502sN61, K1.1-7B(3)"
100 _aCENSUS OF INDIA 1961
_9374215
245 0 _aMonograph
_b moharram in two cities (Ludhnow and Delhi)
260 _aIndia
_bGovt. Press
_c1961
490 _vVol. 01; pt.vii-B
500 _aAppendix: P 197-200; Bibliography: P 201-226
942 _h"Y:502sN61, K1.1-7B(3)"
_cCC
999 _c693915
_d693915